[Event "32nd WCh U20 Girls"]
[Site "Pune IND"]
[Date "2014.10.14"]
[Round "8.5"]
[White "Gelip, Ioana"]
[Black "Nandhidhaa, P. V."]
[Result "1-0"]
[WhiteElo "2154"]
[BlackElo "2144"]
[EventDate "2014.10.06"]
[PlyCount "153"]

1.e4 e5 2.Nf3 d6 3.d4 exd4 4.Nxd4 Nf6 5.Nc3 Be7 6.Bc4 O-O 7.O-O c6 8.a4 
Re8 9.Re1 Nbd7 10.Nf5 Ne5 11.Nxe7+ Qxe7 12.Bf1 b6 13.b3 Bb7 14.Ba3 c5 15.
Qd2 a6 16.Rad1 Rad8 17.f4 Ng6 18.Bc4 Qc7 19.Nd5 Nxd5 20.exd5 Qd7 21.Bb2 b5
22.axb5 axb5 23.Be2 b4 24.g3 Re7 25.Kg2 Rde8 26.Bf3 Qf5 27.Rxe7 Rxe7 28.c3
Bc8 29.cxb4 cxb4 30.Kg1 h5 31.Qxb4 h4 32.Qd4 f6 33.Qd3 hxg3 34.hxg3 Nf8 
35.Qxf5 Bxf5 36.Rc1 Nd7 37.b4 Re3 38.Rc3 Re1+ 39.Kf2 Rb1 40.Ba3 Kf7 41.g4 
Bh7 42.Rc7 Ke7 43.Be2 Kd8 44.Rb7 Kc8 45.Ba6 Be4 46.Ra7+ Kd8 47.Ra8+ Kc7 
48.Rc8+ Kb6 49.Rc6+ Ka7 50.b5 Nc5 51.Bxc5+ dxc5 52.Rc7+ Kb6 53.Rc6+ Ka5 
54.Rxc5 Rd1 55.Rc7 g5 56.fxg5 fxg5 57.Rg7 Bxd5 58.Rxg5 Bc4 59.Ke3 Rg1 60.
Kf4 Be2 61.Kf5 Bxb5 62.Bxb5 Kxb5 63.Kf6+ Kc6 64.Rg8 Rf1+ 65.Kg6 Kd6 66.Re8
Kd7 67.Re2 Rf3 68.g5 Rg3 69.Kf6 Rg1 70.g6 Rf1+ 71.Kg7 Rg1 72.Kf7 Rf1+ 73.
Kg8 Rg1 74.g7 Rg3 75.Rh2 Ke7 76.Kh8 Kf7 77.Rf2+ 1-0

[Event "32nd WCh U20 Girls"]
[Site "Pune IND"]
[Date "2014.10.14"]
[Round "8.6"]
[White "Gu Tianlu"]
[Black "Zhai Mo"]
[Result "0-1"]
[WhiteElo "2055"]
[BlackElo "2339"]
[EventDate "2014.10.06"]
[PlyCount "84"]

1.e4 c5 2.Nf3 d6 3.d4 cxd4 4.Nxd4 Nf6 5.Nc3 a6 6.Be2 e6 7.O-O Qc7 8.f4 Be7
9.Be3 Nc6 10.Qe1 O-O 11.Qg3 d5 12.e5 Nd7 13.Kh1 Bc5 14.Nb3 d4 15.Bg1 dxc3 
16.Nxc5 cxb2 17.Rab1 Ncxe5 18.fxe5 Nxc5 19.Qc3 b6 20.Rxb2 Bd7 21.Rfb1 Rab8
22.Bxc5 bxc5 23.Bxa6 Bc6 24.h3 Rxb2 25.Rxb2 f6 26.Bc4 fxe5 27.Bxe6+ Kh8 
28.Qg3 Qd6 29.Bg4 h5 30.Bxh5 Qd2 31.Rb1 Kg8 32.Qg4 Qxc2 33.Bg6 Qxa2 34.Rg1
Qd5 35.Qh4 Rf4 36.Qh7+ Kf8 37.Qh8+ Qg8 38.Qh5 Qe6 39.Qh8+ Ke7 40.Qxg7+ Kd6
41.Rd1+ Rd4 42.Rf1 Qxh3+ 0-1

[Event "32nd WCh U20 Girls"]
[Site "Pune IND"]
[Date "2014.10.14"]
[Round "8.7"]
[White "Nguyen Thi Mai Hung"]
[Black "Srija, Seshadri"]
[Result "1/2-1/2"]
[WhiteElo "2299"]
[BlackElo "2099"]
[EventDate "2014.10.06"]
[PlyCount "162"]

1.d4 d5 2.Nf3 Nf6 3.e3 e6 4.Bd3 c5 5.b3 Nc6 6.O-O Bd6 7.Bb2 O-O 8.Nbd2 Qe7
9.Ne5 Qc7 10.f4 cxd4 11.Nxc6 bxc6 12.Bxd4 e5 13.fxe5 Bxe5 14.Nf3 Bxd4 15.
exd4 Bg4 16.Qe1 Bh5 17.Qh4 Bg6 18.Bxg6 fxg6 19.Ng5 Rfe8 20.Rae1 Qd7 21.Re5
h6 22.Nf3 Ng4 23.Rxe8+ Rxe8 24.Re1 Re4 25.h3 Nf6 26.Qg3 g5 27.c3 Rf4 28.
Ne5 Qd6 29.Qd3 c5 30.dxc5 Qxc5+ 31.Qe3 Qc7 32.Nf3 Re4 33.Qd2 Qc5+ 34.Kh1 
g4 35.hxg4 Nxg4 36.c4 Nf2+ 37.Kh2 Ng4+ 38.Kh1 Nf2+ 39.Kh2 Ng4+ 40.Kh1 Nf2+
41.Kh2 dxc4 42.Rxe4 Nxe4 43.Qd8+ Kh7 44.bxc4 Qxc4 45.Qe7 a6 46.Ne5 Qxa2 
47.Nd7 Qd5 48.Qe8 Qd6+ 49.Kg1 Nf6 50.Nxf6+ Qxf6 51.Qa4 Qb6+ 52.Kh2 a5 53.
Qc2+ Qg6 54.Qa4 Qf5 55.Qc4 h5 56.Qd4 g6 57.Qa7+ Kh6 58.Qe3+ Qg5 59.Qe8 
Qf4+ 60.Kh1 Qf6 61.Qe3+ g5 62.Qa7 Qa1+ 63.Kh2 Qe5+ 64.Kh1 h4 65.Qd7 Qf6 
66.Kg1 Qg6 67.Qd8 Qb1+ 68.Kh2 Qa1 69.Qf8+ Qg7 70.Qd6+ Kh7 71.Qc5 a4 72.
Qc2+ Kh6 73.Qc6+ Qg6 74.Qxa4 Qe6 75.Qa8 Kg6 76.Qh8 Qf7 77.Qd8 Kh5 78.Qh8+ 
Kg4 79.Qc3 Kh5 80.Qh8+ Kg4 81.Qc3 Kh5 1/2-1/2

[Event "32nd WCh U20 Girls"]
[Site "Pune IND"]
[Date "2014.10.14"]
[Round "8.8"]
[White "Ibrahimova, Sabina"]
[Black "Pujari, Rucha"]
[Result "1-0"]
[WhiteElo "2271"]
[BlackElo "2113"]
[EventDate "2014.10.06"]
[PlyCount "83"]

1.e4 e5 2.Nf3 Nc6 3.Bb5 a6 4.Ba4 Nf6 5.d4 exd4 6.e5 Ne4 7.O-O Nc5 8.Bxc6 
dxc6 9.Nxd4 Ne6 10.Nf5 Qxd1 11.Rxd1 g6 12.Ng3 Bg7 13.f4 f6 14.exf6 Bxf6 
15.f5 Nc5 16.fxg6 hxg6 17.Nc3 Bg4 18.Re1+ Kf7 19.Be3 Ne6 20.h3 Bf5 21.Rf1 
Rae8 22.Rad1 Bxc3 23.bxc3 Kf6 24.Rd2 Rd8 25.Rdf2 Rd5 26.c4 Re5 27.Bc1 c5 
28.Bb2 Nd4 29.Ne2 Re4 30.g4 Rxh3 31.Bxd4+ cxd4 32.gxf5 g5 33.Rg2 Ra3 34.
Ng3 Rh4 35.Re1 g4 36.Re4 c5 37.Re6+ Kf7 38.Ne4 Rxa2 39.Nd6+ Kg8 40.Rg6+ 
Kf8 41.Re2 Ra1+ 42.Kg2 1-0

[Event "32nd WCh U20 Girls"]
[Site "Pune IND"]
[Date "2014.10.14"]
[Round "8.9"]
[White "Petrukhina, Irina"]
[Black "Varshini, Velavan"]
[Result "1/2-1/2"]
[WhiteElo "2218"]
[BlackElo "2040"]
[EventDate "2014.10.06"]
[PlyCount "153"]

1.d4 d5 2.c4 e6 3.Nf3 Nf6 4.g3 Be7 5.Bg2 dxc4 6.Ne5 O-O 7.Na3 c5 8.Naxc4 
cxd4 9.O-O Na6 10.Bd2 Nd5 11.Ba5 b6 12.Nc6 Qe8 13.Nxe7+ Qxe7 14.Be1 Qf6 
15.e4 dxe3 16.fxe3 Qe7 17.e4 Ndc7 18.Nd6 e5 19.Nf5 Bxf5 20.exf5 Rad8 21.
Qf3 Nd5 22.Rd1 Nf6 23.Bc3 Nb4 24.Qe2 Qc5+ 25.Kh1 Nxa2 26.Qxe5 Nxc3 27.Qxc5
bxc5 28.bxc3 Ng4 29.Ra1 Ne3 30.Rf2 Rd3 31.c4 Rfd8 32.Bd5 Nxd5 33.cxd5 
R3xd5 34.Rxa7 Rc8 35.f6 g6 36.Re2 Rf5 37.Rc7 Rd8 38.Rc2 Rxf6 39.R7xc5 Rd1+
40.Kg2 Rff1 41.Rc7 Rg1+ 42.Kh3 Rdf1 43.Rg2 Rh1 44.Rd2 Rf5 45.Kg2 Rff1 46.
Rdc2 Rhg1+ 47.Kh3 h5 48.Rg2 Kg7 49.Rcc2 Rh1 50.Rgf2 Rxf2 51.Rxf2 Rg1 52.
Kh4 f6 53.Rc2 Kh6 54.Kh3 g5 55.Rf2 Kg7 56.Ra2 Kg6 57.Rb2 h4 58.g4 Rd1 59.
Kg2 Kf7 60.Re2 Rd4 61.h3 Rd3 62.Kh2 Rd5 63.Kg2 Re5 64.Rf2 Ke6 65.Kh2 Rc5 
66.Kg2 Rc4 67.Re2+ Kd5 68.Rf2 Rf4 69.Re2 Kd4 70.Re6 Kd5 71.Ra6 Ke5 72.Ra5+
Ke6 73.Ra6+ Kf7 74.Ra7+ Kg6 75.Re7 Rd4 76.Re2 Kf7 77.Kh2 1/2-1/2

[Event "32nd WCh U20 Girls"]
[Site "Pune IND"]
[Date "2014.10.14"]
[Round "8.10"]
[White "Frayna, Janelle Mae"]
[Black "Shweta, Gole"]
[Result "1-0"]
[WhiteElo "2140"]
[BlackElo "1881"]
[EventDate "2014.10.06"]
[PlyCount "81"]

1.d4 Nf6 2.c4 e6 3.Nc3 c5 4.d5 exd5 5.cxd5 d6 6.e4 g6 7.f4 Bg7 8.Bb5+ Nfd7
9.Nf3 O-O 10.O-O a6 11.Bd3 b5 12.Kh1 Re8 13.a3 c4 14.Bc2 Nc5 15.Nd4 Nbd7 
16.Be3 Bb7 17.Qf3 Qe7 18.Bf2 Rab8 19.e5 Rbc8 20.Nc6 Qf8 21.exd6 Qxd6 22.
Ne5 Nb3 23.Ne4 Qxd5 24.Rad1 Nxe5 25.fxe5 Qxe5 26.Rd7 Re7 27.Bg3 Qe6 28.Rd6
Qf5 29.Qd1 Qh5 30.Rd8+ Re8 31.Rxe8+ Rxe8 32.Qd7 Rf8 33.Qxb7 Qe2 34.Re1 
Qxc2 35.Bd6 c3 36.bxc3 Rd8 37.Qe7 Rc8 38.Nf6+ Kh8 39.Qxf7 Qxc3 40.Re8+ 
Rxe8 41.Qxe8+ 1-0

[Event "32nd WCh U20 Girls"]
[Site "Pune IND"]
[Date "2014.10.14"]
[Round "8.11"]
[White "Arabidze, Meri"]
[Black "Chitlange, Sakshi"]
[Result "1-0"]
[WhiteElo "2409"]
[BlackElo "1827"]
[EventDate "2014.10.06"]
[PlyCount "79"]

1.d4 Nf6 2.c4 e6 3.Nf3 d5 4.Nc3 Nbd7 5.g3 c6 6.Bg2 Bd6 7.O-O O-O 8.Qc2 Re8
9.Rd1 b6 10.e4 dxe4 11.Nxe4 Nxe4 12.Qxe4 Bb7 13.Ne5 Rc8 14.c5 Bb8 15.Be3 
Qe7 16.Nxd7 Qxd7 17.b4 Ba6 18.Qc2 f5 19.a4 b5 20.Bf1 f4 21.Bxf4 Bxf4 22.
gxf4 Rf8 23.Qe4 Rf6 24.Ra3 Rcf8 25.Bg2 Rc8 26.Rda1 Rc7 27.Bf1 Qf7 28.Rh3 
g6 29.Rf3 Bb7 30.Bh3 Re7 31.Qe5 Qf8 32.Re3 Bc8 33.axb5 cxb5 34.d5 Rxf4 35.
d6 Ref7 36.c6 Rxf2 37.d7 Bxd7 38.cxd7 Qd8 39.Bxe6 Qh4 40.Bxf7+ 1-0

[Event "32nd WCh U20 Girls"]
[Site "Pune IND"]
[Date "2014.10.14"]
[Round "8.12"]
[White "Michelle Catherina"]
[Black "Ni Shiqun"]
[Result "1-0"]
[WhiteElo "2114"]
[BlackElo "2312"]
[EventDate "2014.10.06"]
[PlyCount "115"]

1.e4 e5 2.Nf3 Nf6 3.Nxe5 d6 4.Nf3 Nxe4 5.Nc3 Nxc3 6.dxc3 Be7 7.Be3 Nc6 8.
Qd2 Ne5 9.O-O-O O-O 10.h4 c6 11.Kb1 Qa5 12.Bg5 Be6 13.b3 Rfe8 14.Bxe7 Rxe7
15.Be2 Nxf3 16.Bxf3 d5 17.h5 Qc5 18.h6 g6 19.Qg5 f5 20.Rde1 Rae8 21.Re3 
Kf7 22.Bh5 Rg8 23.Rg3 Ree8 24.Be2 Qxf2 25.Bd3 Qc5 26.Rf3 Qe7 27.Qf4 Rgf8 
28.Re1 Kg8 29.Qd4 c5 30.Qe5 Qf7 31.Rfe3 Bd7 32.Qd6 Rxe3 33.Rxe3 Re8 34.
Rxe8+ Bxe8 35.Qxc5 a6 36.a4 Bc6 37.Bxa6 Qf8 38.Qxf8+ Kxf8 39.Bf1 b6 40.Kc1
Kf7 41.Kd2 f4 42.Bb5 Bxb5 43.axb5 Ke6 44.c4 dxc4 45.bxc4 Kd6 46.Kd3 Kc5 
47.Ke4 Kxc4 48.Kxf4 Kd4 49.Kg5 Ke5 50.c4 Ke6 51.Kf4 Kd6 52.Ke4 Ke6 53.g3 
Kd6 54.Kd4 g5 55.g4 Ke6 56.c5 bxc5+ 57.Kxc5 Kd7 58.Kb6 1-0

[Event "32nd WCh U20 Girls"]
[Site "Pune IND"]
[Date "2014.10.14"]
[Round "8.13"]
[White "Pratyusha, Bodda"]
[Black "Zarkovic, Mila"]
[Result "1-0"]
[WhiteElo "2078"]
[BlackElo "2136"]
[EventDate "2014.10.06"]
[PlyCount "77"]

1.d4 Nf6 2.c4 e6 3.Nc3 Bb4 4.Qc2 Nc6 5.Nf3 d6 6.Bd2 O-O 7.e3 Qe7 8.a3 Bxc3
9.Bxc3 e5 10.dxe5 Nxe5 11.Nxe5 dxe5 12.Be2 Re8 13.h3 a5 14.b3 Nd7 15.O-O 
Qg5 16.b4 e4 17.Rad1 Nb6 18.Kh2 axb4 19.axb4 Be6 20.Bd4 Nd7 21.Ra1 Ne5 22.
Rxa8 Rxa8 23.Qxe4 Nxc4 24.Qc2 b5 25.f4 Qd8 26.Bd3 Qh4 27.f5 Bd5 28.Rf4 Qh6
29.Qf2 Qd6 30.e4 Bb7 31.Bxc4 bxc4 32.e5 Qxb4 33.Rg4 c5 34.Bxc5 Qb3 35.f6 
g6 36.Qf4 Qb2 37.Bd4 Qb4 38.e6 Bd5 39.e7 1-0

[Event "32nd WCh U20 Girls"]
[Site "Pune IND"]
[Date "2014.10.14"]
[Round "8.14"]
[White "Sviridova, Vlada"]
[Black "Ivekovic, Tihana"]
[Result "1-0"]
[WhiteElo "2069"]
[BlackElo "2122"]
[EventDate "2014.10.06"]
[PlyCount "49"]

1.e4 c5 2.Nf3 e6 3.d4 cxd4 4.Nxd4 a6 5.Nc3 Qc7 6.Bd3 Nf6 7.f4 d6 8.Qf3 Be7
9.g4 O-O 10.Be3 Nbd7 11.g5 Ne8 12.O-O-O b5 13.a3 Bb7 14.Qh3 Nc5 15.Rhg1 g6
16.f5 Bc8 17.Qh6 Bd8 18.Rg3 Rb8 19.f6 Nxf6 20.gxf6 Bxf6 21.Rh3 Re8 22.Rf1 
Nd7 23.Qxh7+ Kf8 24.Nxe6+ Rxe6 25.Bh6+ 1-0

[Event "32nd WCh U20 Girls"]
[Site "Pune IND"]
[Date "2014.10.14"]
[Round "8.15"]
[White "Monpeurt, Cyrielle"]
[Black "Monnisha, Gajendra Babu Kannaiyan"]
[Result "1-0"]
[WhiteElo "2115"]
[BlackElo "2016"]
[EventDate "2014.10.06"]
[PlyCount "69"]

1.e4 e5 2.Nf3 Nc6 3.Bc4 Nf6 4.d4 exd4 5.Ng5 Ne5 6.Bb3 h6 7.f4 hxg5 8.fxe5 
Nxe4 9.Qxd4 Nc5 10.Nc3 d6 11.Be3 Ne6 12.Bxe6 Bxe6 13.O-O-O Rh4 14.Qd2 Be7 
15.Nd5 Bxd5 16.Qxd5 c6 17.Qf3 d5 18.Rhf1 f6 19.Qf5 Qc7 20.exf6 gxf6 21.
Rfe1 Qd7 22.Qg6+ Kd8 23.Bf2 Rh8 24.Re2 Rf8 25.Rde1 Bd6 26.Bg3 Bxg3 27.hxg3
a5 28.Re6 a4 29.Rxf6 Kc7 30.Rfe6 Kb6 31.Qd3 Rf7 32.Qd4+ Kc7 33.Qb4 Kd8 34.
Qb6+ Qc7 35.Re8+ 1-0

[Event "32nd WCh U20 Girls"]
[Site "Pune IND"]
[Date "2014.10.14"]
[Round "8.16"]
[White "Madhurima, Shekhar"]
[Black "Saranya, J."]
[Result "1-0"]
[WhiteElo "2000"]
[BlackElo "2107"]
[EventDate "2014.10.06"]
[PlyCount "117"]

1.e4 c5 2.Nc3 d6 3.f4 Nc6 4.Nf3 g6 5.Bb5 Bd7 6.O-O Bg7 7.d3 a6 8.Bxc6 Bxc6
9.Qe1 Qd7 10.Kh1 O-O-O 11.Be3 Nf6 12.Rd1 Qc7 13.a3 d5 14.e5 d4 15.exf6 
Bxf6 16.Bd2 dxc3 17.Bxc3 h5 18.Be5 Bxe5 19.Nxe5 Bd5 20.c4 Be6 21.Nxg6 Bg4 
22.Nxh8 Bxd1 23.Qxd1 Rxh8 24.d4 cxd4 25.Qxd4 Rd8 26.Qe3 Kb8 27.Qe2 Rd4 28.
Qxh5 Rxf4 29.Qe2 Rxc4 30.Rxf7 Rc2 31.Rf8+ Ka7 32.Qe3+ b6 33.Rf1 Qb7 34.Qf3
Qxf3 35.gxf3 Rxb2 36.Re1 Rb3 37.Rxe7+ Kb8 38.Kg2 Rxa3 39.h4 Ra2+ 40.Kg3 
Ra1 41.Re2 a5 42.h5 a4 43.h6 Rh1 44.Rh2 Rg1+ 45.Kf4 Rg8 46.Kf5 Rf8+ 47.Kg6
Kb7 48.h7 b5 49.Kg7 Rc8 50.h8=Q Rxh8 51.Kxh8 a3 52.f4 b4 53.Ra2 Kc6 54.f5 
Kb5 55.f6 Ka4 56.f7 b3 57.f8=Q bxa2 58.Qf1 Kb3 59.Qa1 1-0

[Event "32nd WCh U20 Girls"]
[Site "Pune IND"]
[Date "2014.10.14"]
[Round "8.18"]
[White "Potluri, Supreetha"]
[Black "Kurbonboeva, Sarvinoz"]
[Result "0-1"]
[WhiteElo "1738"]
[BlackElo "2212"]
[EventDate "2014.10.06"]
[PlyCount "84"]

1.d4 Nf6 2.Bf4 g6 3.Nf3 Bg7 4.e3 c5 5.c3 cxd4 6.exd4 O-O 7.Be2 d6 8.O-O 
Nc6 9.Nbd2 Qc7 10.Re1 Bf5 11.h3 Rfe8 12.Nb3 e5 13.Bh2 Rad8 14.a4 Nd5 15.
Bc4 Nf4 16.Bxf4 exf4 17.Qd2 Ne5 18.Bd5 Nc4 19.Qxf4 Nxb2 20.g4 Be6 21.Bxe6 
fxe6 22.Qd2 Nc4 23.Qa2 Qf7 24.Kg2 e5 25.dxe5 Nxe5 26.Nbd4 d5 27.Qd2 Nxf3 
28.Nxf3 Rf8 29.Qd3 d4 30.c4 Rd6 31.g5 Rc6 32.Rac1 Rc5 33.Rb1 b6 34.Rec1 
Rf5 35.Rb3 Qb7 36.Qe2 Rxg5+ 37.Kf1 Rgf5 38.Kg2 Qc6 39.Rcb1 g5 40.Ra3 h5 
41.Rb5 g4 42.Rxf5 Rxf5 0-1

[Event "32nd WCh U20 Girls"]
[Site "Pune IND"]
[Date "2014.10.14"]
[Round "8.19"]
[White "San Diego, Marie Antoinette"]
[Black "Khaled, Mouna"]
[Result "0-1"]
[WhiteElo "2033"]
[BlackElo "2191"]
[EventDate "2014.10.06"]
[PlyCount "86"]

1.d4 Nf6 2.Nf3 g6 3.Bf4 Bg7 4.e3 d6 5.Be2 O-O 6.O-O Nfd7 7.h3 e5 8.Bh2 Nc6
9.c3 e4 10.Nfd2 Nf6 11.b4 Re8 12.a4 h5 13.Qc2 Bf5 14.Na3 Qd7 15.Rfc1 h4 
16.b5 Nd8 17.c4 Ne6 18.Nb3 b6 19.Rd1 Ng5 20.Kh1 Nf3 21.gxf3 exf3 22.Bd3 
Bxh3 23.Rg1 Bg2+ 24.Rxg2 fxg2+ 25.Kxg2 Qg4+ 26.Kh1 Qf3+ 27.Kg1 Ng4 28.Bf1 
h3 29.Qe2 Qxe2 30.Bxe2 Nxe3 31.Bf3 d5 32.cxd5 Rac8 33.Rc1 Nf5 34.Bxc7 Bh6 
35.Rc6 Rxc7 36.Nc2 Bf4 37.a5 Rce7 38.Kf1 bxa5 39.Ne3 Nxe3+ 40.fxe3 Rxe3 
41.Nd2 Re1+ 42.Kf2 Bxd2 43.d6 Bg5 0-1

[Event "32nd WCh U20 Girls"]
[Site "Pune IND"]
[Date "2014.10.14"]
[Round "8.20"]
[White "Gevorgian, Maria"]
[Black "Caballero Quijano, Mitzy Mishell"]
[Result "1-0"]
[WhiteElo "2160"]
[BlackElo "1961"]
[EventDate "2014.10.06"]
[PlyCount "47"]

1.e4 d6 2.d4 Nf6 3.Nc3 g6 4.f4 Bg7 5.Nf3 O-O 6.Bd3 Nc6 7.O-O e5 8.fxe5 
dxe5 9.d5 Nd4 10.h3 Ne8 11.Nxd4 exd4 12.Ne2 c6 13.c4 dxc3 14.Nxc3 cxd5 15.
exd5 Bxc3 16.bxc3 Qxd5 17.Ba3 Bxh3 18.gxh3 Nd6 19.Bc2 Qg5+ 20.Kh1 Rad8 21.
Bxd6 Rfe8 22.Qf3 Re3 23.Qxf7+ Kh8 24.Qf6+ 1-0

[Event "32nd WCh U20 Girls"]
[Site "Pune IND"]
[Date "2014.10.14"]
[Round "8.21"]
[White "Vaishali, Ramesh Babu"]
[Black "Bengtsson, Jessica"]
[Result "1/2-1/2"]
[WhiteElo "2124"]
[BlackElo "1943"]
[EventDate "2014.10.06"]
[PlyCount "97"]

1.e4 c5 2.Nf3 Nc6 3.Bb5 g6 4.Bxc6 dxc6 5.Nc3 Bg7 6.d3 Bg4 7.h3 Bxf3 8.Qxf3
Nf6 9.O-O Nd7 10.Qg3 e5 11.f4 exf4 12.Bxf4 Qe7 13.a4 Be5 14.Bxe5 Qxe5 15.
Qxe5+ Nxe5 16.b3 a5 17.Nd1 Rd8 18.Ne3 Rd7 19.Rf6 Ke7 20.Raf1 Rd6 21.R6f4 
Rf8 22.Kf2 Rf6 23.Rxf6 Kxf6 24.g4 Ke6 25.Kg3 h6 26.h4 Rh8 27.Rh1 Ke7 28.
Kf4 Ke6 29.h5 Kf6 30.hxg6 fxg6 31.Rxh6 Rf8 32.Rh3 Ke6+ 33.Kg3 b5 34.axb5 
cxb5 35.Nd5 a4 36.Nc7+ Kd7 37.Nxb5 axb3 38.cxb3 Rf3+ 39.Kg2 Rxd3 40.Rxd3+ 
Nxd3 41.Kf3 g5 42.Na3 Nc1 43.e5 Nxb3 44.Ke4 Ke6 45.Nc4 Nd4 46.Nd2 Ne2 47.
Nc4 Nd4 48.Nb2 Nb3 49.Nc4 1/2-1/2

[Event "32nd WCh U20 Girls"]
[Site "Pune IND"]
[Date "2014.10.14"]
[Round "8.22"]
[White "Mahalakshmi, Muganda Kumar"]
[Black "Harshita, Guddanti"]
[Result "0-1"]
[WhiteElo "1997"]
[BlackElo "1925"]
[EventDate "2014.10.06"]
[PlyCount "102"]

1.d4 Nf6 2.c4 e6 3.Nc3 Bb4 4.Qc2 c5 5.dxc5 O-O 6.a3 Bxc5 7.Nf3 b6 8.Bf4 
Bb7 9.Rd1 Nc6 10.b4 Be7 11.e4 e5 12.Nxe5 Nxe5 13.Bxe5 a5 14.Bd3 axb4 15.
axb4 Bxb4 16.O-O Re8 17.Bxf6 Qxf6 18.Nd5 Bxd5 19.exd5 g6 20.Rb1 Bc5 21.Kh1
Ra3 22.Be2 Qe5 23.Bg4 f5 24.Bd1 Rc3 25.Qa4 Bd6 26.g3 Qe4+ 27.Kg1 Qxb1 28.
Qxd7 Qe4 29.Ba4 Rf8 30.Qxd6 Qd4 31.Bd7 Qf6 32.Be6+ Kh8 33.Qxb6 Rxc4 34.Qb3
Rc3 35.Qb4 f4 36.Qxf4 Qxf4 37.gxf4 Rxf4 38.d6 Rd4 39.d7 Rcd3 40.Kg2 Kg7 
41.f3 Kf6 42.Bh3 Kg5 43.Kg3 h5 44.Re1 Kf6 45.Re6+ Kf7 46.Re5 Rd2 47.Re4 
Rxe4 48.fxe4 Rd3+ 49.Kh4 Kf6 50.e5+ Ke7 51.e6 g5+ 0-1

[Event "32nd WCh U20 Girls"]
[Site "Pune IND"]
[Date "2014.10.14"]
[Round "8.23"]
[White "Liu Manli"]
[Black "Ananya, Suresh"]
[Result "1-0"]
[WhiteElo "2039"]
[BlackElo "1853"]
[EventDate "2014.10.06"]
[PlyCount "159"]

1.e4 c5 2.Nf3 a6 3.c4 d6 4.Nc3 Nf6 5.d4 cxd4 6.Nxd4 e6 7.Be2 Be7 8.O-O Qc7
9.Be3 b6 10.Rc1 Bb7 11.f3 Nbd7 12.b3 Rc8 13.Qd2 Qb8 14.Rfd1 Bd8 15.Bf1 Bc7
16.g3 O-O 17.Bg2 Rfe8 18.Nc2 h6 19.Kh1 Qa8 20.Bf4 Ne5 21.g4 Ng6 22.Bg3 
Red8 23.Qe2 d5 24.e5 Nd7 25.f4 dxc4 26.bxc4 Bxg2+ 27.Qxg2 Qxg2+ 28.Kxg2 
Nc5 29.Nb4 f6 30.Nc6 Rxd1 31.Rxd1 Re8 32.Kf3 fxe5 33.fxe5 Ne7 34.Nxe7+ 
Rxe7 35.Ne4 Nxe4 36.Kxe4 Rf7 37.Bf4 g5 38.Be3 Kg7 39.h3 Kg6 40.a4 h5 41.
Rd2 hxg4 42.hxg4 Rh7 43.Rf2 Bd8 44.Rf8 Rd7 45.Rg8+ Kf7 46.Rh8 Kg7 47.Rh2 
Kg6 48.Rd2 Rxd2 49.Bxd2 Be7 50.a5 bxa5 51.Bxa5 Kf7 52.Bb6 Ke8 53.Kd4 Kd7 
54.Kc3 Kc6 55.Be3 a5 56.Kb3 Bd8 57.Ka4 Bc7 58.Bxg5 Bxe5 59.Be3 Bc3 60.g5 
e5 61.Kb3 Ba1 62.Bd2 e4 63.Bxa5 e3 64.Bb4 Kd7 65.Kc2 Be5 66.Kd3 Bf4 67.g6 
Ke6 68.Bc3 Bh6 69.Bd4 Bg5 70.Bxe3 Be7 71.Bd4 Bd6 72.Ke4 Bc7 73.g7 Kf7 74.
Kd5 Bd8 75.c5 Bc7 76.Kc6 Bg3 77.Kd7 Bf4 78.c6 Bg3 79.Bc5 Kxg7 80.Bd6 1-0

[Event "32nd WCh U20 Girls"]
[Site "Pune IND"]
[Date "2014.10.14"]
[Round "8.24"]
[White "Aakanksha, Hagawane"]
[Black "Varga, Klara"]
[Result "1-0"]
[WhiteElo "1918"]
[BlackElo "2232"]
[EventDate "2014.10.06"]
[PlyCount "81"]

1.e4 e6 2.d4 d5 3.e5 c5 4.c3 Qb6 5.a3 Bd7 6.b4 cxd4 7.cxd4 a5 8.b5 f6 9.
Nf3 Be7 10.Nc3 fxe5 11.Nxe5 Nf6 12.Bd3 O-O 13.O-O Be8 14.Be3 Nbd7 15.f4 
Kh8 16.h3 Bd6 17.Qe1 Rc8 18.Na4 Qd8 19.Bd2 Qe7 20.Bxa5 Bxa3 21.Qh4 Ra8 22.
Nb6 Nxb6 23.Bxb6 Rc8 24.f5 Nh5 25.Qxe7 Bxe7 26.g4 Ng3 27.Rf3 Ne4 28.fxe6 
Ng5 29.Rxf8+ Bxf8 30.h4 Ne4 31.Ra7 Nd6 32.Bc5 Rb8 33.Nd7 Bxd7 34.exd7 Kg8 
35.Bb6 Be7 36.Bc7 Rf8 37.d8=Q Bxd8 38.Bxd6 Bb6 39.Bxf8 Bxd4+ 40.Kg2 Bxa7 
41.Bd6 1-0

[Event "32nd WCh U20 Girls"]
[Site "Pune IND"]
[Date "2014.10.14"]
[Round "8.25"]
[White "Vantika, Agrawal"]
[Black "Fronda, Jan Jodilyn"]
[Result "0-1"]
[WhiteElo "1842"]
[BlackElo "2127"]
[EventDate "2014.10.06"]
[PlyCount "72"]

1.d4 Nf6 2.Nf3 c5 3.d5 b5 4.Bg5 Qb6 5.c3 Ne4 6.Bh4 e6 7.e3 Bb7 8.dxe6 fxe6
9.Ne5 Rg8 10.Qh5+ g6 11.Qxh7 Rg7 12.Qh6 g5 13.Bg3 Nc6 14.Qh5+ Kd8 15.Ng6 
Nxg3 16.hxg3 Kc7 17.Qxg5 Bd6 18.Qh6 Rag8 19.Nf4 Ne7 20.Na3 c4 21.Qf6 e5 
22.Nh5 Rg6 23.Qh4 Nf5 24.Qh3 Nxe3 25.fxe3 Qxe3+ 26.Be2 Bxa3 27.Rd1 Bd6 28.
g4 Qe4 29.Qf3 Rf8 30.Qxe4 Bxe4 31.Rh2 Bd3 32.Bxd3 cxd3 33.Rh3 e4 34.Rd2 
Rxg4 35.b3 Be5 36.Kd1 Rf1# 0-1

[Event "32nd WCh U20 Girls"]
[Site "Pune IND"]
[Date "2014.10.14"]
[Round "8.26"]
[White "Anjana Krishna, S."]
[Black "Imeeva, Aysa"]
[Result "0-1"]
[WhiteElo "1889"]
[BlackElo "2077"]
[EventDate "2014.10.06"]
[PlyCount "102"]

1.e4 e5 2.Nf3 Nc6 3.Bb5 a6 4.Ba4 Nf6 5.O-O Be7 6.Re1 b5 7.Bb3 d6 8.c3 O-O 
9.h3 Na5 10.Bc2 c5 11.d4 Qc7 12.Nbd2 cxd4 13.cxd4 Bb7 14.d5 Nc4 15.Bd3 
Nxd2 16.Bxd2 Nd7 17.Rc1 Qd8 18.Be3 f5 19.exf5 Bxd5 20.Bb1 Nf6 21.Bg5 Bb7 
22.Qb3+ Kh8 23.Rcd1 Qb6 24.Nh4 Rae8 25.Qg3 Nh5 26.Qg4 Bxg5 27.Qxg5 Nf4 28.
Re3 Qd8 29.Qg4 Qf6 30.Nf3 Bc8 31.g3 g5 32.Nxg5 Qxg5 33.gxf4 Qh6 34.Kf1 
exf4 35.Rxe8 Rxe8 36.Qf3 b4 37.Re1 Rg8 38.Qd3 Qg7 39.Re4 Bxf5 40.Qd4 Bxe4 
41.Qxe4 Qg1+ 42.Ke2 f3+ 43.Qxf3 Re8+ 44.Kd2 Qxb1 45.Qf6+ Kg8 46.Qg5+ Qg6 
47.Qd5+ Qe6 48.Qg2+ Kh8 49.f3 Qe3+ 50.Kd1 Qe1+ 51.Kc2 Re2+ 0-1

[Event "32nd WCh U20 Girls"]
[Site "Pune IND"]
[Date "2014.10.14"]
[Round "8.27"]
[White "Azimova, Karina"]
[Black "Djogteva, Jekaterina"]
[Result "1-0"]
[WhiteElo "2063"]
[BlackElo "1754"]
[EventDate "2014.10.06"]
[PlyCount "60"]

1.e4 e6 2.d4 d5 3.Nd2 c5 4.exd5 cxd4 5.Bb5+ Bd7 6.Bxd7+ Qxd7 7.dxe6 fxe6 
8.Ngf3 Nc6 9.O-O Bd6 10.Re1 Nge7 11.Ng5 e5 12.Nde4 O-O 13.c3 Nf5 14.Qb3+ 
Kh8 15.Qd5 Rae8 16.g4 Nh4 17.Nxd6 Qxg4+ 18.Kh1 Re7 19.Qe4 Qh5 20.Qe2 Rf3 
21.Rg1 d3 22.Qd1 e4 23.Bf4 h6 24.Nxf3 Nxf3 25.Rg2 g5 26.Be3 Re6 27.Nc4 Qh3
28.Nd2 Nce5 29.Bd4 Nh4 30.Qg4 e3 1-0

[Event "32nd WCh U20 Girls"]
[Site "Pune IND"]
[Date "2014.10.14"]
[Round "8.28"]
[White "Mahasweta, Kumar"]
[Black "Fransson, Angelina"]
[Result "0-1"]
[WhiteElo "1847"]
[BlackElo "2019"]
[EventDate "2014.10.06"]
[PlyCount "138"]

1.e4 c5 2.Nf3 d6 3.d4 cxd4 4.Nxd4 Nf6 5.Nc3 e6 6.Be3 a6 7.Be2 Be7 8.Qd2 b5
9.a3 Bb7 10.f3 Nbd7 11.g4 Nb6 12.Bf2 Nfd7 13.h4 Ne5 14.b3 Nc6 15.g5 Nd7 
16.Nxc6 Bxc6 17.Bg3 e5 18.Nd1 h6 19.Ne3 g6 20.gxh6 Bf8 21.O-O-O Nf6 22.Qc3
Qb6 23.Kb1 Bb7 24.Qd3 Qc5 25.b4 Qc7 26.Rhf1 Nh5 27.Bh2 Bxh6 28.Ng4 Bf4 29.
Qxd6 Qxd6 30.Rxd6 Bxh2 31.Nxh2 Ng3 32.Rf2 Bxe4 33.fxe4 Nxe4 34.Bf3 Nxd6 
35.Bxa8 e4 36.Rf4 f5 37.Nf1 Ke7 38.Bc6 Ke6 39.Ne3 Ke5 40.Ng2 Rc8 41.Bd7 
Rc7 42.Bxf5 gxf5 43.h5 Rg7 44.Rf2 Rg3 45.Nf4 Rg1+ 46.Ka2 Rh1 47.Kb3 Nc4 
48.a4 e3 49.Nd3+ Kf6 50.Re2 Kg5 51.axb5 axb5 52.Ne1 f4 53.Nf3+ Kg4 54.Nh2+
Kxh5 55.Rg2 Rxh2 56.Rxh2+ Kg4 57.Kc3 Kg3 58.Rh1 Kg2 59.Rh5 e2 60.Rxb5 
e1=Q+ 61.Kxc4 Qe2+ 62.Kc5 Qxc2+ 63.Kb6 Qg6+ 64.Ka7 f3 65.Rb7 f2 66.b5 f1=Q
67.b6 Qa1+ 68.Kb8 Qd6+ 69.Kc8 Qh8# 0-1

[Event "32nd WCh U20 Girls"]
[Site "Pune IND"]
[Date "2014.10.14"]
[Round "8.29"]
[White "Barbosa, Larissa Ichimura"]
[Black "Hilmi, Parveen"]
[Result "1/2-1/2"]
[WhiteElo "1975"]
[BlackElo "1757"]
[EventDate "2014.10.06"]
[PlyCount "74"]

1.e4 d5 2.exd5 Qxd5 3.Nc3 Qa5 4.d4 Nf6 5.Bc4 c6 6.Bd2 Bf5 7.Nd5 Qd8 8.
Nxf6+ gxf6 9.c3 e6 10.Ne2 Bd6 11.Ng3 Bg6 12.Qe2 Qe7 13.O-O-O Nd7 14.h4 h5 
15.Rhe1 Nb6 16.Bb3 O-O-O 17.Qf3 Rdg8 18.Bf4 Nd7 19.Bc2 Bxf4+ 20.Qxf4 Bxc2 
21.Kxc2 Rg4 22.Qf3 Qd8 23.Ne4 Qc7 24.g3 f5 25.Nc5 Nxc5 26.dxc5 Qa5 27.Qd3 
Rd8 28.Qxd8+ Qxd8 29.Rxd8+ Kxd8 30.Kd3 f4 31.Rg1 fxg3 32.fxg3 f5 33.Ke3 e5
34.Rd1+ Ke7 35.Kf3 Rc4 36.Rd6 Rxc5 37.Rh6 f4 1/2-1/2

[Event "32nd WCh U20 Girls"]
[Site "Pune IND"]
[Date "2014.10.14"]
[Round "8.30"]
[White "Turkova, Karolina"]
[Black "Divya Lakshmi, R."]
[Result "1/2-1/2"]
[WhiteElo "2033"]
[BlackElo "1905"]
[EventDate "2014.10.06"]
[PlyCount "107"]

1.e4 c5 2.Nf3 d6 3.d4 cxd4 4.Nxd4 Nf6 5.Nc3 a6 6.Be3 e5 7.Nb3 Be6 8.f3 Be7
9.Qd2 O-O 10.O-O-O Nbd7 11.g4 Qc7 12.g5 Nh5 13.Nd5 Bxd5 14.exd5 a5 15.Kb1 
a4 16.Nc1 Nb6 17.Qf2 Nc4 18.Bxc4 Qxc4 19.h4 Rfc8 20.Rhg1 a3 21.b3 Qc3 22.
Nd3 Ra5 23.Bc1 Bf8 24.Rg4 g6 25.Qd2 Qxd2 26.Rxd2 Rxd5 27.Bxa3 Nf4 28.Bb4 
Ne6 29.Re4 h6 30.gxh6 Bxh6 31.Rg2 Nf4 32.Nxf4 Rd1+ 33.Kb2 Bxf4 34.Re1 Rxe1
35.Bxe1 d5 36.a4 Kh7 37.Bb4 e4 38.fxe4 Be5+ 39.Ka3 dxe4 40.c4 f5 41.h5 f4 
42.hxg6+ Kg7 43.Rg5 Bf6 44.Rg4 Be5 45.Rg5 Bf6 46.Rg4 Be5 47.Rg5 Bf6 48.Rg4
Be5 49.Rg5 f3 50.Rxe5 f2 51.Rf5 e3 52.Bc3+ Kxg6 53.Rf6+ Kg5 54.Bd4 1/2-1/2